[Event "Kiev Blitz Marathon"]
[Site "Kiev"]
[Date "2023.04.23"]
[Round "34"]
[White "Kazarin, Yuri"]
[Black "Voroshilov, Daniil"]
[Result "1/2-1/2"]
[WhiteElo "1799"]
[BlackElo "1959"]
[PlyCount "91"]
[EventDate "2023.04.22"]
[EventType "tourn (blitz)"]
[EventRounds "54"]
[EventCountry "UKR"]
[SourceTitle "CBM 213 Extra"]
[Source "ChessBase"]
[SourceDate "2023.05.31"]
[SourceVersion "1"]
[SourceVersionDate "2023.05.31"]
[SourceQuality "1"]

1. e4 d6 2. d4 Nf6 3. Bd3 e5 4. c3 Be7 5. h3 0-0 6. Nf3 Nbd7 7. 0-0 c6 8. a4 Qc7 9. Re1 Re8 10. Bg5 h6 11. Bh4 Nf8 12. Bg3 Ng6 13. Nbd2 Nf4 14. Bxf4 exf4 15. e5 dxe5 16. Nxe5 Be6 17. Qf3 Nd5 18. Qe4 Bf6 19. Qh7+ Kf8 20. Ng4 Ke7 21. Nxf6 gxf6 22. Bc4 Rh8 23. Qd3 Rag8 24. Ne4 Kd8 25. Bxd5 Bxd5 26. f3 Be6 27. Nxf6 Bxh3 28. Nxg8 Rxg8 29. Re2 Kc8 30. Kh2 Qd8 31. gxh3 Qh4 32. Qf5+ Kb8 33. Rg1 Rxg1 34. Kxg1 Qg3+ 35. Rg2 Qxf3 36. Qe5+ Kc8 37. Rg8+ Kd7 38. Qf5+ Ke7 39. Qe5+ Kd7 40. Rg2 Qd1+ 41. Kh2 f3 42. Rf2 Qd3 43. Qf4 Qg6 44. Qxf3 Ke7 45. Qf5 Qd6+ 46. Qe5+ 1/2-1/2

[Event "Kiev Blitz Marathon"]
[Site "Kiev"]
[Date "2023.04.23"]
[Round "43"]
[White "Sakun, Volodymyr"]
[Black "Kazarin, Yuri"]
[Result "1-0"]
[WhiteElo "2340"]
[BlackElo "1799"]
[PlyCount "65"]
[EventDate "2023.04.22"]
[EventType "tourn (blitz)"]
[EventRounds "54"]
[EventCountry "UKR"]
[SourceTitle "CBM 213 Extra"]
[Source "ChessBase"]
[SourceDate "2023.05.31"]
[SourceVersion "1"]
[SourceVersionDate "2023.05.31"]
[SourceQuality "1"]

1. e4 e5 2. Nf3 Nf6 3. d4 Nxe4 4. Bd3 d5 5. Nxe5 Nd7 6. Nxd7 Bxd7 7. 0-0 Be7 8. c4 c6 9. Nc3 Nf6 10. Re1 0-0 11. cxd5 cxd5 12. Bg5 Be6 13. Qf3 Re8 14. Bf5 Bxf5 15. Qxf5 h6 16. Bxf6 Bxf6 17. Rxe8+ Qxe8 18. Nxd5 Bxd4 19. Nc7 Qc8 20. Qf4 Rb8 21. Nd5 Bf6 22. Nxf6+ gxf6 23. Qxf6 Qe6 24. Qxe6 fxe6 25. Re1 Kf7 26. g3 Rc8 27. Re2 Rc1+ 28. Kg2 Ra1 29. a3 Rc1 30. f4 Kf6 31. Kh3 Rh1 32. Kg4 Rc1 33. Kh5 1-0